000 00623nam a2200229Ia 4500
003 OSt
005 20221007081546.0
006 a|||||r|||| 00| 0
007 ta
008 221006b |||||||| |||| 00| 0 eng d
024 _a16,884
037 _cTextual
040 _aFLL
_cFLL
_beng
041 _2eng
_aeng
082 _aY11:45:6:Z73, L1
100 _aHann P.H. Au.
_9697569
245 0 _aJuvenile offender and the law
260 _aNew York
_bThe W.H. anderson company U.S.A.
_c1971
300 _a416p
_ccm.
942 _hY11:45:6:Z73, L1
_cTEXL
_2CC
999 _c1163454
_d1163454